Coupes d'Europe foot 2023/2024 clubs en Quarts de finale - Statistiques

Statistiques générales
  • Ce quiz a été pris 361 fois
  • Le résultat moyen est 19 sur 24
Statistiques - réponses
Réponse % Correct
Bayern Munich
99%
FC Barcelone
98%
Real Madrid
98%
Manchester City
97%
Paris SG
97%
Borussia Dortmund
96%
Atlético Madrid
95%
Olympique de Marseille
93%
Arsenal
92%
Lille OSC
91%
Benfica Lisbonne
90%
Bayer Leverkusen
88%
Liverpool
86%
Aston Villa
77%
Milan AC
70%
West Ham United
70%
Atalanta Bergame
69%
Olympiakos
68%
Club Bruges
67%
Fiorentina
64%
AS Rome
56%
Fenerbahçe
50%
PAOK Salonique
37%
Viktoria Plzeň
25%
Aucun quiz correspondant
Distribution des résultats
% des personnes avec chaque résultat
Percentile par nombre de réponses
Votre historique - résultats
Vous n’avez pas pris ce quiz